[Event "6. Torneo de Promoción C.A. Mar Menor"]
[Site "San Pedro del Pinatar ESP"]
[Date "2015.01.31"]
[Round "5.8"]
[White "Mateos Martinez, Francisco Ram"]
[Black "Donado-Mazarron Gomez, Miguel"]
[Result "0-1"]
[WhiteElo "1842"]
[BlackElo "2081"]
[PlyCount "104"]
[EventDate "2015.01.30"]
[EventType "swiss"]
[EventRounds "7"]
[EventCountry "ESP"]
[Source "lmi"]
[SourceDate "2015.01.03"]

1. d4 Nf6 2. c4 g6 3. Nc3 Bg7 4. e4 d6 5. Nf3 O-O 6. h3 e5 7. dxe5 dxe5 8. Qxd8
Rxd8 9. Bg5 Re8 10. Nd5 Nxd5 11. cxd5 c6 12. Bc4 cxd5 13. Bxd5 Nc6 14. O-O-O
Nb4 15. Bb3 a5 16. Ba4 Nc6 17. Rd6 Be6 18. Kb1 h6 19. Be3 Red8 20. Rhd1 Nd4 21.
Rb6 Nxf3 22. Rxd8+ Rxd8 23. gxf3 Bxh3 24. Rxb7 Bg2 25. Bb3 Bxf3 26. Bxf7+ Kh7
27. Bd5 g5 28. Bb6 Rf8 29. Bxa5 h5 30. Bc3 Kg6 31. a4 h4 32. a5 Bf6 33. Bb4 Rd8
34. Bf7+ Kh7 35. Rb6 Kg7 36. Be6 g4 37. Rb7+ Kh6 38. Bf5 h3 39. Kc2 Bg7 40.
Rb6+ Kg5 41. Be7+ Kf4 42. Rg6 Rc8+ 43. Bxc8 Bxe4+ 44. Kd2 Bxg6 45. Bh4 e4 46.
Bg3+ Kf3 47. Bb7 Bxb2 48. a6 Bd4 49. Ke1 h2 50. Bxh2 Bxf2+ 51. Kf1 g3 52. a7
g2# 0-1

[Event "6. Torneo de Promoción C.A. Mar Menor"]
[Site "San Pedro del Pinatar ESP"]
[Date "2015.01.31"]
[Round "5.9"]
[White "Aledo Yanguas, Javier"]
[Black "Galiano Martinez, Antonio"]
[Result "0-1"]
[WhiteElo "1828"]
[BlackElo "2015"]
[PlyCount "63"]
[EventDate "2015.01.30"]
[EventType "swiss"]
[EventRounds "7"]
[EventCountry "ESP"]
[Source "lmi"]
[SourceDate "2015.01.03"]

1. e4 e6 2. d4 d5 3. Bd3 dxe4 4. Bxe4 Nf6 5. Bf3 c5 6. c3 Nc6 7. Ne2 Be7 8. O-O
O-O 9. Bf4 Qb6 10. Qd2 Rd8 11. Be3 cxd4 12. cxd4 Qc7 13. Nbc3 b6 14. a3 Bb7 15.
Rac1 Rac8 16. Rfd1 Qd7 17. d5 Ne5 18. dxe6 Nxf3+ 19. gxf3 Qxe6 20. Nd4 Qh3 21.
Nce2 Bxf3 22. Nf4 Qg4+ 23. Kf1 Bxd1 24. Rxd1 Bc5 25. Rc1 Bd6 26. Rxc8 Rxc8 27.
f3 Qd7 28. Qf2 Rd8 29. Nde2 Be5 30. b4 h6 31. Kg2 Qc6 32. Qg1 0-1

[Event "6. Torneo de Promoción C.A. Mar Menor"]
[Site "San Pedro del Pinatar ESP"]
[Date "2015.01.31"]
[Round "5.10"]
[White "Valera Munoz, Miguel A"]
[Black "Zapata Lopez, Julio"]
[Result "0-1"]
[WhiteElo "1767"]
[BlackElo "2007"]
[PlyCount "112"]
[EventDate "2015.01.30"]
[EventType "swiss"]
[EventRounds "7"]
[EventCountry "ESP"]
[Source "lmi"]
[SourceDate "2015.01.03"]

1. d4 Nf6 2. Nf3 g6 3. Bf4 Bg7 4. e3 O-O 5. Nbd2 d6 6. h3 c5 7. c3 Be6 8. Be2
Qb6 9. Qc1 cxd4 10. exd4 Nc6 11. O-O Rac8 12. Rd1 Bf5 13. Nc4 Qc7 14. Ne3 Bd7
15. Qc2 h6 16. a3 a6 17. Bc4 e5 18. dxe5 dxe5 19. Bh2 Kh7 20. Re1 Rfe8 21. Rad1
Be6 22. Bxe6 Rxe6 23. Nd5 Nxd5 24. Rxd5 Rce8 25. Red1 R8e7 26. Qa4 Qb6 27. R1d2
e4 28. Nd4 Nxd4 29. cxd4 Rc6 30. Bf4 Rc1+ 31. Kh2 g5 32. Be3 Qc7+ 33. g3 Rc4
34. Qd1 Rd7 35. Rxd7 Qxd7 36. Qh5 Kg8 37. Qe2 Qd5 38. Rc2 b5 39. Rxc4 Qxc4 40.
Qxc4 bxc4 41. Kg2 Kf8 42. Kf1 Ke7 43. Ke1 Kd6 44. Kd2 Kd5 45. Kc3 f5 46. h4
gxh4 47. gxh4 h5 48. f3 exf3 49. a4 Ke4 50. Bf2 Bh6 51. Kxc4 Be3 52. Be1 Bxd4
53. b4 f2 54. Bxf2 Bxf2 55. b5 axb5+ 56. Kxb5 Bxh4 0-1

[Event "6. Torneo de Promoción C.A. Mar Menor"]
[Site "San Pedro del Pinatar ESP"]
[Date "2015.02.01"]
[Round "6.1"]
[White "Alvarez Morales, Miguel"]
[Black "Escudero Manzano, Sergio"]
[Result "1/2-1/2"]
[WhiteElo "1981"]
[BlackElo "2081"]
[PlyCount "67"]
[EventDate "2015.01.30"]
[EventType "swiss"]
[EventRounds "7"]
[EventCountry "ESP"]
[Source "lmi"]
[SourceDate "2015.01.03"]

1. d4 Nf6 2. Nf3 g6 3. c4 Bg7 4. g3 O-O 5. Nc3 d6 6. Bg2 c5 7. O-O cxd4 8. Nxd4
Nc6 9. Nxc6 bxc6 10. Bxc6 Rb8 11. Bg2 Bb7 12. Bxb7 Rxb7 13. Rb1 Qc8 14. Qd3 Qh3
15. f3 Nd7 16. Ne4 Rc8 17. Qd5 Rbb8 18. Nf2 Qe6 19. Qxe6 fxe6 20. Bg5 Rxc4 21.
Bxe7 d5 22. Ba3 Rc2 23. Rbc1 Rxe2 24. Rc7 Ne5 25. Rfc1 Nc4 26. Nd3 Nxa3 27.
Rc8+ Rxc8 28. Rxc8+ Bf8 29. bxa3 Rxa2 30. Ne5 Rxa3 31. f4 Kg7 32. Rc7+ Kg8 33.
Rc8 Kg7 34. Rc7+ 1/2-1/2

[Event "6. Torneo de Promoción C.A. Mar Menor"]
[Site "San Pedro del Pinatar ESP"]
[Date "2015.02.01"]
[Round "6.2"]
[White "Donado-Mazarron Gomez, Miguel"]
[Black "Perez Beltran, Jose Maria"]
[Result "1-0"]
[WhiteElo "2081"]
[BlackElo "1896"]
[PlyCount "37"]
[EventDate "2015.01.30"]
[EventType "swiss"]
[EventRounds "7"]
[EventCountry "ESP"]
[Source "lmi"]
[SourceDate "2015.01.03"]

1. d4 Nf6 2. c4 e6 3. Nc3 Bb4 4. e3 Bxc3+ 5. bxc3 b6 6. Bd3 Bb7 7. f3 O-O 8.
Ne2 d6 9. O-O c5 10. e4 h6 11. Ng3 Nc6 12. Be3 Rc8 13. f4 Na5 14. e5 Nd7 15.
Qg4 Kh8 16. f5 dxe5 17. f6 Nxf6 18. Rxf6 gxf6 19. Qh5 1-0

[Event "6. Torneo de Promoción C.A. Mar Menor"]
[Site "San Pedro del Pinatar ESP"]
[Date "2015.02.01"]
[Round "6.3"]
[White "Cartagena Sanchez, Javier"]
[Black "Grigoriev, Ivan"]
[Result "0-1"]
[WhiteElo "1933"]
[BlackElo "2161"]
[PlyCount "52"]
[EventDate "2015.01.30"]
[EventType "swiss"]
[EventRounds "7"]
[EventCountry "ESP"]
[Source "lmi"]
[SourceDate "2015.01.03"]

1. b3 c5 2. Bb2 Nc6 3. e3 Nf6 4. Nf3 d5 5. Bb5 Qb6 6. c4 a6 7. Bxc6+ Qxc6 8.
Ne5 Qc7 9. cxd5 g6 10. Qf3 Bg7 11. d4 cxd4 12. Bxd4 Qc1+ 13. Qd1 Qxd1+ 14. Kxd1
Nxd5 15. Nd2 Be6 16. Ne4 Rc8 17. Rc1 Rxc1+ 18. Kxc1 O-O 19. Kd2 Rd8 20. Nf3 Nb4
21. Rc1 Bd5 22. Bb6 Rd7 23. Rc8+ Bf8 24. Nf6+ exf6 25. Bc5 Bxf3+ 26. Kc1 Nd3+
0-1

[Event "6. Torneo de Promoción C.A. Mar Menor"]
[Site "San Pedro del Pinatar ESP"]
[Date "2015.02.01"]
[Round "6.4"]
[White "Galiano Martinez, Antonio"]
[Black "Borja Perez, Jose"]
[Result "1/2-1/2"]
[WhiteElo "2015"]
[BlackElo "1923"]
[PlyCount "121"]
[EventDate "2015.01.30"]
[EventType "swiss"]
[EventRounds "7"]
[EventCountry "ESP"]
[Source "lmi"]
[SourceDate "2015.01.03"]

1. d4 Nf6 2. c4 d6 3. Nc3 Nbd7 4. Nf3 e5 5. Bg5 Be7 6. Qc2 c6 7. O-O-O Qc7 8.
e3 O-O 9. g4 Re8 10. Bxf6 Bxf6 11. g5 Be7 12. Bd3 Nf8 13. h4 Bg4 14. Be2 a6 15.
h5 Bxf3 16. Bxf3 Bxg5 17. Rdg1 Bh6 18. dxe5 Rxe5 19. Ne4 Qe7 20. Ng3 Qf6 21.
Be4 Rae8 22. Bd3 d5 23. Nf5 Kh8 24. Nxh6 Qxh6 25. Kb1 Rxh5 26. Qd1 Rxh1 27.
Rxh1 Qf6 28. cxd5 cxd5 29. Qh5 g6 30. Qxd5 Rd8 31. Qc4 Kg7 32. f4 Ne6 33. f5 b5
34. Qc2 Nf8 35. fxg6 fxg6 36. Rf1 Qe5 37. Qf2 Qe7 38. Bc2 Ne6 39. Qh2 Qd6 40.
Qh4 Nf8 41. Rd1 Qxd1+ 42. Bxd1 Rxd1+ 43. Kc2 Rf1 44. Qd4+ Rf6 45. e4 Kf7 46. e5
Re6 47. Kd3 g5 48. Ke4 h6 49. Kf5 Ng6 50. Qd7+ Ne7+ 51. Ke4 Rc6 52. b3 Re6 53.
Qd1 Ng6 54. Qd7+ Ne7 55. Kd4 Rc6 56. Qg4 Re6 57. Qh5+ Kg7 58. Qf3 Ng6 59. Qb7+
Kg8 60. Qc8+ Kf7 61. Qd7+ 1/2-1/2

[Event "6. Torneo de Promoción C.A. Mar Menor"]
[Site "San Pedro del Pinatar ESP"]
[Date "2015.02.01"]
[Round "6.5"]
[White "Zapata Lopez, Julio"]
[Black "Martinez Minarro, Francisco Jo"]
[Result "1-0"]
[WhiteElo "2007"]
[BlackElo "1885"]
[PlyCount "68"]
[EventDate "2015.01.30"]
[EventType "swiss"]
[EventRounds "7"]
[EventCountry "ESP"]
[Source "lmi"]
[SourceDate "2015.01.03"]

1. c4 f5 2. d4 e6 3. Nc3 Nf6 4. e3 Bb4 5. Bd3 Bxc3+ 6. bxc3 O-O 7. Ne2 b6 8.
O-O Bb7 9. f3 Nc6 10. e4 Nh5 11. exf5 exf5 12. Qc2 g6 13. Bh6 Ng7 14. f4 d5 15.
cxd5 Qxd5 16. c4 Qd6 17. d5 Nb4 18. Qc3 Rf7 19. Nd4 Nxd3 20. Bxg7 Rxg7 21. Qxd3
Re7 22. Nf3 Qxf4 23. Nd4 Qe4 24. Qc3 Rae8 25. Rae1 Qg4 26. h3 Qg5 27. Nf3 Qg3
28. Rxe7 Rxe7 29. Qd2 f4 30. Nd4 Re3 31. Ne2 Rd3 32. Qxf4 Qxf4 33. Nxf4 Ra3 34.
Ne6 h6 1-0

[Event "6. Torneo de Promoción C.A. Mar Menor"]
[Site "San Pedro del Pinatar ESP"]
[Date "2015.02.01"]
[Round "6.6"]
[White "Fernandez Alvarez, Luis"]
[Black "Soria Bastida, Juan Pablo"]
[Result "1-0"]
[WhiteElo "1973"]
[BlackElo "1709"]
[PlyCount "49"]
[EventDate "2015.01.30"]
[EventType "swiss"]
[EventRounds "7"]
[EventCountry "ESP"]
[Source "lmi"]
[SourceDate "2015.01.03"]

1. e4 c6 2. Nc3 d5 3. Nf3 dxe4 4. Nxe4 Bf5 5. Ng3 Bg6 6. h4 h6 7. Ne5 Bh7 8.
Qh5 g6 9. Qf3 Qd5 10. Qxd5 cxd5 11. Bb5+ Nc6 12. Nxc6 bxc6 13. Bxc6+ Kd8 14.
Bxa8 Nf6 15. Bc6 e5 16. d3 Kc7 17. Ba4 Bc5 18. Be3 d4 19. Bd2 Nd5 20. O-O-O Rb8
21. Ne4 Be7 22. Bb3 Nb6 23. Bxf7 Na4 24. Bb3 Nb6 25. Ba5 1-0

[Event "6. Torneo de Promoción C.A. Mar Menor"]
[Site "San Pedro del Pinatar ESP"]
[Date "2015.02.01"]
[Round "6.7"]
[White "Ibanez Guillen, Enrique"]
[Black "Garcia Ramos, Marcos"]
[Result "1-0"]
[WhiteElo "1851"]
[BlackElo "2137"]
[PlyCount "55"]
[EventDate "2015.01.30"]
[EventType "swiss"]
[EventRounds "7"]
[EventCountry "ESP"]
[Source "lmi"]
[SourceDate "2015.01.03"]

1. c4 Nf6 2. g3 e5 3. Bg2 h6 4. d3 Bc5 5. Nf3 Qe7 6. O-O O-O 7. Nc3 c6 8. Nd2
Rd8 9. Nde4 Bb6 10. Nxf6+ Qxf6 11. b4 d6 12. Bb2 Be6 13. Ne4 Qe7 14. c5 dxc5
15. bxc5 Bc7 16. Qc2 Nd7 17. Rac1 Bd5 18. Qc3 b5 19. a4 a5 20. axb5 cxb5 21. c6
b4 22. Qc2 Nb8 23. Qc5 Qe6 24. Qc2 Qe8 25. Qc5 Kh8 26. Nf6 gxf6 27. Bxd5 Kg7
28. Qc4 1-0

[Event "6. Torneo de Promoción C.A. Mar Menor"]
[Site "San Pedro del Pinatar ESP"]
[Date "2015.02.01"]
[Round "6.8"]
[White "Amate Tortosa, Bernardo"]
[Black "Patino Andreu, Ramon"]
[Result "1-0"]
[WhiteElo "2134"]
[BlackElo "1879"]
[PlyCount "99"]
[EventDate "2015.01.30"]
[EventType "swiss"]
[EventRounds "7"]
[EventCountry "ESP"]
[Source "lmi"]
[SourceDate "2015.01.03"]

1. e4 e5 2. Nf3 Nc6 3. d4 exd4 4. Nxd4 Nge7 5. Nc3 Nxd4 6. Qxd4 Nc6 7. Qe3 Bb4
8. Bd2 d6 9. O-O-O O-O 10. Kb1 Re8 11. a3 Ba5 12. Qg3 a6 13. Bg5 Qd7 14. Nd5
Qg4 15. Qxg4 Bxg4 16. f3 Bh5 17. b4 Bb6 18. Nxb6 cxb6 19. Rxd6 h6 20. Bf4 b5
21. c4 bxc4 22. Bxc4 Kh7 23. g4 Bg6 24. Rhd1 Rac8 25. Bd5 Red8 26. Bxc6 Rxd6
27. Rxd6 bxc6 28. Be3 f6 29. Rd7 Ra8 30. Ba7 Rc8 31. Bc5 Ra8 32. Rc7 a5 33.
bxa5 Rxa5 34. Bf8 Kg8 35. Bxg7 Rxa3 36. Bxh6 Bf7 37. f4 Rh3 38. g5 fxg5 39.
Bxg5 Rxh2 40. Rc8+ Kh7 41. Rxc6 Re2 42. Rc7 Kg8 43. e5 Be6 44. Kc1 Bg4 45. Rc6
Kf7 46. Rf6+ Ke8 47. Bh6 Ke7 48. Bf8+ Ke8 49. Bd6 Kd7 50. f5 1-0

[Event "6. Torneo de Promoción C.A. Mar Menor"]
[Site "San Pedro del Pinatar ESP"]
[Date "2015.02.01"]
[Round "6.9"]
[White "Pujante Martinez, Rafael"]
[Black "Sabater Sanchez, Asensio"]
[Result "0-1"]
[WhiteElo "1619"]
[BlackElo "2117"]
[PlyCount "42"]
[EventDate "2015.01.30"]
[EventType "swiss"]
[EventRounds "7"]
[EventCountry "ESP"]
[Source "lmi"]
[SourceDate "2015.01.03"]

1. e4 c5 2. Nc3 e6 3. Nf3 a6 4. d4 cxd4 5. Nxd4 d6 6. Be3 Nf6 7. f3 b5 8. a3
Bb7 9. Qd2 Nbd7 10. Be2 Be7 11. g4 Nb6 12. b3 Rc8 13. h4 Qc7 14. Na2 d5 15.
exd5 Nbxd5 16. b4 Nxg4 17. Bf2 Nxf2 18. Kxf2 Bf6 19. Rae1 Qb6 20. Rd1 e5 21.
Rhe1 O-O 0-1

[Event "6. Torneo de Promoción C.A. Mar Menor"]
[Site "San Pedro del Pinatar ESP"]
[Date "2015.02.01"]
[Round "6.10"]
[White "Aparicio Gascon, Pedro"]
[Black "Alcaraz Martinez, Felipe"]
[Result "1/2-1/2"]
[WhiteElo "2012"]
[BlackElo "1887"]
[PlyCount "20"]
[EventDate "2015.01.30"]
[EventType "swiss"]
[EventRounds "7"]
[EventCountry "ESP"]
[Source "lmi"]
[SourceDate "2015.01.03"]

1. e4 e5 2. Nf3 Nc6 3. Bb5 f5 4. Nc3 fxe4 5. Nxe4 Nf6 6. d3 d5 7. Bxc6+ bxc6 8.
Ng3 Bd6 9. h3 O-O 10. O-O Bd7 1/2-1/2

[Event "6. Torneo de Promoción C.A. Mar Menor"]
[Site "San Pedro del Pinatar ESP"]
[Date "2015.02.01"]
[Round "7.1"]
[White "Escudero Manzano, Sergio"]
[Black "Zapata Lopez, Julio"]
[Result "1/2-1/2"]
[WhiteElo "2081"]
[BlackElo "2007"]
[PlyCount "106"]
[EventDate "2015.01.30"]
[EventType "swiss"]
[EventRounds "7"]
[EventCountry "ESP"]
[Source "lmi"]
[SourceDate "2015.01.03"]

1. e4 d6 2. d4 Nf6 3. Nc3 Nbd7 4. Bg5 e5 5. Nf3 c6 6. a4 Be7 7. Bc4 O-O 8. O-O
b6 9. Qe2 a6 10. Rfd1 Qc7 11. Nh4 exd4 12. Nf5 dxc3 13. Nxe7+ Kh8 14. bxc3 Bb7
15. Bf4 Ne5 16. Nf5 Rad8 17. Bb3 Rfe8 18. Qe3 Bc8 19. Bg5 Bxf5 20. exf5 d5 21.
Bxf6 gxf6 22. Qh6 Ng4 23. Qh4 Qf4 24. Rd3 Qxf5 25. Rf3 Qg5 26. Qxg5 fxg5 27.
Rxf7 Kg8 28. Rb7 Rb8 29. Rxb8 Rxb8 30. c4 Rd8 31. cxd5 cxd5 32. Rd1 Nf6 33. c4
Kf7 34. cxd5 Ke7 35. Re1+ Kd7 36. f3 Re8 37. Rxe8 Nxe8 38. Kf2 Kd6 39. Ke3 Ke5
40. g3 Nf6 41. f4+ gxf4+ 42. gxf4+ Kd6 43. Kd4 h6 44. Bc4 a5 45. Bb3 Nh5 46.
Ke4 Nf6+ 47. Kf5 Nxd5 48. Kg6 Nxf4+ 49. Kxh6 Kc5 50. Kg5 Ng2 51. Bd1 b5 52.
axb5 Kxb5 53. h4 Nxh4 1/2-1/2

[Event "6. Torneo de Promoción C.A. Mar Menor"]
[Site "San Pedro del Pinatar ESP"]
[Date "2015.02.01"]
[Round "7.2"]
[White "Grigoriev, Ivan"]
[Black "Alvarez Morales, Miguel"]
[Result "0-1"]
[WhiteElo "2161"]
[BlackElo "1981"]
[PlyCount "78"]
[EventDate "2015.01.30"]
[EventType "swiss"]
[EventRounds "7"]
[EventCountry "ESP"]
[Source "lmi"]
[SourceDate "2015.01.03"]

1. c4 Nf6 2. g3 c6 3. Bg2 d5 4. Nf3 g6 5. b3 Bg7 6. Bb2 O-O 7. O-O e6 8. d3
Nbd7 9. Nbd2 Re8 10. Qc2 e5 11. e4 d4 12. c5 Qa5 13. Nc4 Qc7 14. b4 b5 15. Nd6
Rf8 16. a4 bxa4 17. Rxa4 Ne8 18. Nxc8 Qxc8 19. Rfa1 Qb7 20. Nd2 Nc7 21. Bh3 Nb5
22. Nc4 f5 23. Na5 Qc7 24. Qc4+ Kh8 25. exf5 gxf5 26. Qe6 Rf6 27. Qc4 e4 28.
dxe4 fxe4 29. Bxd4 Nxd4 30. Qxd4 Rf7 31. Qd6 Qxd6 32. cxd6 Bxa1 33. Be6 Rf6 34.
Bxd7 Rxd6 35. Bxc6 Rd1+ 36. Kg2 Rf8 37. Nb3 Bd4 38. Bxe4 Rxf2+ 39. Kh3 Bb6 0-1

[Event "6. Torneo de Promoción C.A. Mar Menor"]
[Site "San Pedro del Pinatar ESP"]
[Date "2015.02.01"]
[Round "7.3"]
[White "Fernandez Alvarez, Luis"]
[Black "Donado-Mazarron Gomez, Miguel"]
[Result "0-1"]
[WhiteElo "1973"]
[BlackElo "2081"]
[PlyCount "57"]
[EventDate "2015.01.30"]
[EventType "swiss"]
[EventRounds "7"]
[EventCountry "ESP"]
[Source "lmi"]
[SourceDate "2015.01.03"]

1. e4 c5 2. Nf3 d6 3. d4 cxd4 4. Nxd4 Nf6 5. Nc3 a6 6. Bg5 e6 7. f4 Qc7 8. Qf3
b5 9. O-O-O b4 10. Nce2 Nbd7 11. Ng3 Bb7 12. Bd3 Rc8 13. Kb1 Qb6 14. Nge2 Be7
15. g4 Nc5 16. Bxf6 Bxf6 17. g5 Be7 18. h4 f5 19. Ng3 O-O 20. Rhe1 fxe4 21.
Nxe4 e5 22. Nb3 Rxf4 23. Qh3 Nxd3 24. cxd3 Rcf8 25. Qe6+ R4f7 26. Rf1 Bc8 27.
Qc4 d5 28. Qxd5 Be6 29. Nf6+ 0-1

[Event "6. Torneo de Promoción C.A. Mar Menor"]
[Site "San Pedro del Pinatar ESP"]
[Date "2015.02.01"]
[Round "7.4"]
[White "Borja Perez, Jose"]
[Black "Amate Tortosa, Bernardo"]
[Result "1/2-1/2"]
[WhiteElo "1923"]
[BlackElo "2134"]
[PlyCount "57"]
[EventDate "2015.01.30"]
[EventType "swiss"]
[EventRounds "7"]
[EventCountry "ESP"]
[Source "lmi"]
[SourceDate "2015.01.03"]

1. d4 Nf6 2. c4 e6 3. Nf3 b6 4. e3 Bb7 5. Bd3 Be7 6. O-O O-O 7. Nc3 d5 8. cxd5
exd5 9. Qc2 c5 10. b3 Nc6 11. a3 Qc7 12. Bb2 Rad8 13. Na4 Ne4 14. Rac1 f5 15.
Nc3 cxd4 16. Nb5 Qd7 17. Nbxd4 Nxd4 18. Nxd4 Rc8 19. Qe2 g6 20. Rxc8 Rxc8 21.
Rc1 Bf6 22. Rxc8+ Qxc8 23. Qc2 Qd8 24. Ne6 Qe7 25. Nd4 Be5 26. g3 Bf6 27. b4
Bg5 28. Nf3 Bh6 29. Bd4 1/2-1/2

[Event "6. Torneo de Promoción C.A. Mar Menor"]
[Site "San Pedro del Pinatar ESP"]
[Date "2015.02.01"]
[Round "7.5"]
[White "Sabater Sanchez, Asensio"]
[Black "Garcia Lopez, Juan Antonio"]
[Result "1-0"]
[WhiteElo "2117"]
[BlackElo "1921"]
[PlyCount "85"]
[EventDate "2015.01.30"]
[EventType "swiss"]
[EventRounds "7"]
[EventCountry "ESP"]
[Source "lmi"]
[SourceDate "2015.01.03"]

1. d4 Nf6 2. c4 g6 3. Nc3 Bg7 4. e4 d6 5. Nf3 O-O 6. Be2 e5 7. O-O Nbd7 8. Re1
Re8 9. Bf1 c6 10. g3 Qc7 11. Bg2 exd4 12. Nxd4 Ne5 13. b3 Bg4 14. f3 Bd7 15. h3
Bc8 16. Be3 h6 17. Qd2 Kh7 18. Rad1 Bf8 19. f4 Ned7 20. Bf2 Nc5 21. b4 Ne6 22.
Nb3 h5 23. Be3 Be7 24. a3 Nf8 25. c5 dxc5 26. Nxc5 a5 27. e5 N6d7 28. N3e4 axb4
29. axb4 Nb6 30. Nd6 Rd8 31. Qf2 Bxd6 32. exd6 Qb8 33. Ne4 Nc4 34. Nf6+ Kh6 35.
f5+ Nxe3 36. Qxe3+ Kg7 37. Nxh5+ Kh7 38. Nf6+ Kg7 39. Qe5 Kh6 40. Ng4+ Kh7 41.
fxg6+ Nxg6 42. Qh5+ Kg7 43. Qh6+ 1-0

[Event "6. Torneo de Promoción C.A. Mar Menor"]
[Site "San Pedro del Pinatar ESP"]
[Date "2015.02.01"]
[Round "7.6"]
[White "Galiano Martinez, Antonio"]
[Black "Ibanez Guillen, Enrique"]
[Result "0-1"]
[WhiteElo "2015"]
[BlackElo "1851"]
[PlyCount "158"]
[EventDate "2015.01.30"]
[EventType "swiss"]
[EventRounds "7"]
[EventCountry "ESP"]
[Source "lmi"]
[SourceDate "2015.01.03"]

1. d4 f5 2. Nf3 g6 3. g3 Bg7 4. Bg2 Nf6 5. O-O O-O 6. b3 d6 7. Bb2 Nbd7 8. c4
Qe8 9. d5 e5 10. dxe6 Nc5 11. Nc3 Nxe6 12. Nd5 Nxd5 13. Bxg7 Ne3 14. fxe3 Nxg7
15. Qd2 Qe7 16. Nd4 Re8 17. Nc2 Rb8 18. Rf2 Ne6 19. e4 Nc5 20. exf5 Bxf5 21.
Raf1 Ne4 22. Qd5+ Kg7 23. Rxf5 gxf5 24. Nd4 Qe5 25. Nxf5+ Kh8 26. Bxe4 Qxe4 27.
Qf7 Qe5 28. Qxc7 Qc5+ 29. Qxc5 dxc5 30. e3 Rbd8 31. Rf2 a5 32. Nh6 Rd3 33. Nf5
a4 34. Re2 axb3 35. axb3 Rxb3 36. e4 Kg8 37. e5 Re6 38. Nd6 b6 39. Kg2 Rd3 40.
Ne4 Rd4 41. Nf6+ Kh8 42. Nh5 Rxc4 43. Nf4 Re8 44. Nd5 Rd4 45. Nxb6 c4 46. e6 c3
47. Kf3 Rd3+ 48. Kf4 Rd2 49. Re3 c2 50. Rc3 Rxe6 51. Nc4 Rxh2 52. Ne3 Rf2+ 53.
Kg4 Rg6+ 54. Kh3 Rf3 55. Rc8+ Kg7 56. Rc7+ Kf8 57. Nxc2 Rfxg3+ 58. Kh2 R3g5 59.
Rc3 Rh5+ 60. Rh3 Rxh3+ 61. Kxh3 Kf7 62. Ne3 Ke6 63. Ng2 Kf6 64. Ne3 Rg8 65.
Ng4+ Kg5 66. Ne5 Kf5 67. Nf3 Kf4 68. Ne1 Re8 69. Ng2+ Kg5 70. Kg3 h5 71. Kh3
Rb8 72. Kh2 Rb3 73. Ne1 Kg4 74. Ng2 h4 75. Ne1 Rb2+ 76. Kg1 Kg3 77. Kf1 Rb1 78.
Ke2 Rxe1+ 79. Kxe1 Kg2 0-1

[Event "6. Torneo de Promoción C.A. Mar Menor"]
[Site "San Pedro del Pinatar ESP"]
[Date "2015.02.01"]
[Round "7.7"]
[White "Perez Beltran, Jose Maria"]
[Black "Lasheras, Juan Thomas"]
[Result "0-1"]
[WhiteElo "1896"]
[BlackElo "1977"]
[PlyCount "40"]
[EventDate "2015.01.30"]
[EventType "swiss"]
[EventRounds "7"]
[EventCountry "ESP"]
[Source "lmi"]
[SourceDate "2015.01.03"]

1. e4 e6 2. d4 d5 3. Nd2 c5 4. exd5 Qxd5 5. dxc5 Nf6 6. Ngf3 Bxc5 7. Bc4 Qd6 8.
O-O Nc6 9. Qe2 O-O 10. Nb3 Bb6 11. Rd1 Qc7 12. Bd2 e5 13. h3 e4 14. Ne1 Ne5 15.
Bb5 a6 16. Ba4 Ba7 17. Nc1 Neg4 18. hxg4 Bxg4 19. Nf3 exf3 20. gxf3 Qg3+ 0-1

[Event "6. Torneo de Promoción C.A. Mar Menor"]
[Site "San Pedro del Pinatar ESP"]
[Date "2015.02.01"]
[Round "7.8"]
[White "Cantero, Antonio"]
[Black "Valera Munoz, Miguel A"]
[Result "1/2-1/2"]
[WhiteElo "2149"]
[BlackElo "1767"]
[PlyCount "110"]
[EventDate "2015.01.30"]
[EventType "swiss"]
[EventRounds "7"]
[EventCountry "ESP"]
[Source "lmi"]
[SourceDate "2015.01.03"]

1. e4 c5 2. Nf3 e6 3. d4 cxd4 4. Nxd4 a6 5. Bd3 Qc7 6. O-O Nf6 7. Qe2 d6 8. Kh1
Be7 9. c4 Nc6 10. Nxc6 bxc6 11. Nc3 e5 12. f4 O-O 13. fxe5 dxe5 14. Bg5 Bg4 15.
Qe3 Bh5 16. Bxf6 Bxf6 17. b4 Be7 18. Rab1 Rfd8 19. Rfc1 h6 20. Rc2 Qd7 21. Bf1
Bg5 22. Qc5 Qe6 23. b5 axb5 24. cxb5 cxb5 25. Rxb5 Bg6 26. Bc4 Qg4 27. Be2 Qh4
28. Qg1 Rac8 29. Rb7 Be7 30. Bf3 Bc5 31. Qb1 Bd4 32. Rb3 f5 33. g3 Qh3 34. Bg2
Qh5 35. Nd5 Rxc2 36. Qxc2 fxe4 37. Ne7+ Kh8 38. Nxg6+ Qxg6 39. Bxe4 Qa6 40. Rb1
Rf8 41. Qg2 Qa7 42. Rf1 Rb8 43. Qf3 Qxa2 44. Qf5 Qg8 45. g4 Rb6 46. g5 hxg5 47.
Qxg5 Rh6 48. Rb1 Qf8 49. Rc1 Rf6 50. Qh4+ Rh6 51. Qg4 Bb6 52. Rc8 Bd8 53. Qd1
Rd6 54. Qh5+ Rh6 55. Qd1 Rd6 1/2-1/2

[Event "6. Torneo de Promoción C.A. Mar Menor"]
[Site "San Pedro del Pinatar ESP"]
[Date "2015.02.01"]
[Round "7.10"]
[White "Soria Bastida, Juan Pablo"]
[Black "Alvarez Serrano, Carlos"]
[Result "0-1"]
[WhiteElo "1709"]
[BlackElo "1973"]
[PlyCount "51"]
[EventDate "2015.01.30"]
[EventType "swiss"]
[EventRounds "7"]
[EventCountry "ESP"]
[Source "lmi"]
[SourceDate "2015.01.03"]

1. d4 Nf6 2. Nf3 g6 3. Bf4 Bg7 4. e3 O-O 5. h3 c5 6. c3 d6 7. Be2 a6 8. O-O
Nbd7 9. Bh2 b6 10. Nbd2 Bb7 11. Bd3 b5 12. Re1 Rc8 13. e4 Qb6 14. e5 dxe5 15.
dxe5 Ne8 16. Ng5 h6 17. Nxf7 Qe6 18. Bxg6 Qxg6 19. Nf3 Bxf3 20. Qxf3 Rxf7 21.
Qb7 Rc7 22. Qa8 Rf8 23. e6 Nef6 24. Qxa6 Nb8 25. Qb6 Rc6 26. Qa7 0-1